000
00334pab a2200145 454500
008
180718b1989 xxu||||| |||| 00| 0 eng d
100
_a
Boxer, Baruch
245
_a
China's environmental prospects
260
_c
1989
300
_a
669-86
362
_a
Jul.
650
_a
Environment - China
773
_a
Asian Survey
909
_a
7714
999
_c
7714
_d
7714